[Event "Lichtenberger Sommer 2024"]
[Site "Berlin"]
[Date "2024.08.13"]
[Round "4.1"]
[White "Hesse, Henrik"]
[Black "Yatskar, Martin"]
[Result "0-1"]
[WhiteElo "2313"]
[BlackElo "2115"]
[PlyCount "146"]
[EventDate "2024.08.10"]
[WhiteTeam "SV Mattnetz Berlin e.V."]
[BlackTeam "SK König Tegel 1949 e.V."]

1. c4 e6 2. g3 d5 3. Bg2 c5 4. Nf3 Nc6 5. cxd5 exd5 6. d4 Nf6 7. O-O Be7 8. Nc3
O-O 9. Bf4 c4 10. b3 Qa5 11. Bd2 Bb4 12. Qe1 Qa6 13. bxc4 Qxc4 14. e3 Re8 15.
a3 Bxc3 16. Bxc3 Bf5 17. Qc1 Nd7 18. Nd2 Qd3 19. Bxd5 Nb6 20. Ba2 Bh3 21. Re1
Na4 22. Bb2 Rac8 23. Bc4 Qg6 24. Qb1 Bf5 25. Qa2 Nxb2 26. Qxb2 Na5 27. Bf1 Rc2
28. Qb5 Nc6 29. Nf3 Be4 30. Nh4 Qf6 31. Re2 a6 32. Qa4 b5 33. Qb3 Rxe2 34. Bxe2
g5 35. Ng2 Bxg2 36. Kxg2 Nxd4 37. Qc3 Kg7 38. Qxd4 Qxd4 39. exd4 Rxe2 40. Kf3
Rc2 41. h4 gxh4 42. gxh4 Kf6 43. Ke4 Ke6 44. a4 b4 45. a5 f5+ 46. Kd3 Rc3+ 47.
Kd2 Kd5 48. Re1 Kxd4 49. Re6 Ra3 50. Rd6+ Kc4 51. Rxa6 Ra2+ 52. Ke3 b3 53. Rc6+
Kb4 54. Rb6+ Kc3 55. Rc6+ Kb2 56. a6 Ka1 57. Rc1+ Kb2 58. Rc6 Kb1 59. Rb6 b2
60. Kf4 Ka1 61. Kxf5 b1=Q+ 62. Rxb1+ Kxb1 63. f4 Rxa6 64. Kg5 Kc2 65. f5 Kd3
66. f6 Ke4 67. f7 Ra8 68. Kh6 Kf5 69. h5 Kf6 70. f8=Q+ Rxf8 71. Kxh7 Re8 72. h6
Re7+ 73. Kg8 Kg6 0-1

[Event "Lichtenberger Sommer 2024"]
[Site "Berlin"]
[Date "2024.08.13"]
[Round "4.2"]
[White "Amelang, Thomas"]
[Black "Bui, Bao Anh Le"]
[Result "0-1"]
[WhiteElo "2106"]
[BlackElo "2177"]
[PlyCount "76"]
[EventDate "2024.08.10"]
[WhiteTeam "Münchener SC 1836 e.V."]
[BlackTeam "SV Mattnetz Berlin e.V."]

1. e4 c5 2. Nf3 d6 3. d4 cxd4 4. Nxd4 Nf6 5. Nc3 a6 6. Be3 e5 7. Nf3 Be7 8. Bc4
O-O 9. O-O h6 10. Bb3 Nc6 11. Qe2 Na5 12. Rfd1 Nxb3 13. axb3 Qc7 14. h3 Be6 15.
Na4 Qc6 16. Nb6 Rad8 17. c4 Qxe4 18. Nd5 Nxd5 19. cxd5 Bd7 20. Qc4 Qg6 21. Kh2
Bb5 22. Qb4 Rd7 23. Rac1 f5 24. Bb6 Qh5 25. Rg1 Bd8 26. Bxd8 Rfxd8 27. Rc3 g5
28. Rgc1 Qf7 29. Rc8 Qxd5 30. R1c7 Rxc8 31. Rxc8+ Kg7 32. Nd2 Bc6 33. f3 Qc5
34. Qc3 Qxc3 35. bxc3 d5 36. g4 f4 37. Re8 Kf6 38. c4 Re7 0-1

[Event "Lichtenberger Sommer 2024"]
[Site "Berlin"]
[Date "2024.08.13"]
[Round "4.3"]
[White "Matthes, Aaron"]
[Black "Pererva, Viktor"]
[Result "1/2-1/2"]
[WhiteElo "2174"]
[BlackElo "2100"]
[PlyCount "75"]
[EventDate "2024.08.10"]
[WhiteTeam "SC Kreuzberg e.V."]
[BlackTeam "SV Mattnetz Berlin e.V."]

1. d4 d5 2. c4 e6 3. Nf3 a6 4. Bg5 Be7 5. Bxe7 Nxe7 6. Nbd2 O-O 7. g3 Nd7 8.
Bg2 c5 9. O-O b5 10. cxb5 axb5 11. dxc5 Nxc5 12. Qc2 Nd7 13. Rfc1 b4 14. Qc7
Qxc7 15. Rxc7 Rd8 16. Nd4 Kf8 17. N2b3 Nf6 18. Nc5 Rd6 19. Nd3 Rb6 20. Nc2 Nc6
21. Nc5 Ne5 22. Na4 Rbb8 23. b3 Ne8 24. Rc5 Nd7 25. Rc6 Bb7 26. Rb6 Rxa4 27.
Rxb7 Rxb7 28. bxa4 Ra7 29. Rb1 Rxa4 30. Nxb4 Ndf6 31. e3 Ke7 32. Bf3 Ne4 33.
Rb2 Kd6 34. Nd3 Nc3 35. Nc1 Nc7 36. Kf1 e5 37. Ke1 d4 38. Kd2 1/2-1/2

[Event "Lichtenberger Sommer 2024"]
[Site "Berlin"]
[Date "2024.08.13"]
[Round "4.4"]
[White "Reichmann, Felix"]
[Black "Pixa, Richard"]
[Result "1/2-1/2"]
[WhiteElo "2171"]
[BlackElo "2099"]
[PlyCount "165"]
[EventDate "2024.08.10"]
[WhiteTeam "SV Empor Berlin e.V."]
[BlackTeam "SV Mattnetz Berlin e.V."]

1. c4 e6 2. Nf3 d5 3. d4 c6 4. b3 Nf6 5. g3 Nbd7 6. Bg2 Bd6 7. Bb2 Ne4 8. Nfd2
f5 9. e3 Qe7 10. f3 Nxd2 11. Nxd2 Qg5 12. f4 Qe7 13. c5 Bc7 14. Qc2 Nf6 15. b4
Bd7 16. a4 h6 17. Nf3 Ne4 18. Nh4 Qf6 19. Bxe4 fxe4 20. Qe2 a6 21. Qh5+ Kd8 22.
Rf1 Rf8 23. Kd2 Qf7 24. Ng6 Qf5 25. Qh4+ Rf6 26. Ne5 Kc8 27. g4 Qh7 28. g5 Rf8
29. g6 Qg8 30. Qe7 Be8 31. Qh4 Bxe5 32. fxe5 Bxg6 33. Qe7 Bf5 34. b5 Qf7 35.
Qh4 axb5 36. axb5 Kc7 37. b6+ Kd7 38. Ra7 Rxa7 39. bxa7 Ra8 40. Ra1 Qg6 41. Qf2
Qh5 42. Bc3 g5 43. Kc1 Qf3 44. Be1 Bg4 45. Kd2 Kc7 46. Kc1 Kd7 47. Kd2 Ke7 48.
h4 Kf7 49. hxg5 hxg5 50. Qh2 Kg7 51. Bg3 Bh5 52. Be1 Kh6 53. Bg3 Kg6 54. Qf2
Qxf2+ 55. Bxf2 Kf5 56. Bg3 Kg4 57. Rg1 Kf5 58. Ra1 Bf3 59. Ke1 Kg4 60. Kf2 Kh3
61. Ra3 Bd1 62. Ra1 Bc2 63. Rh1+ Kg4 64. Rg1 Kf5 65. Ra1 Bd3 66. Kg2 Ba6 67.
Be1 Rxa7 68. Kg3 Ra8 69. Ra2 g4 70. Rf2+ Kg5 71. Rf7 Be2 72. Rg7+ Kf5 73. Rxb7
Ra1 74. Bf2 Rh1 75. Rf7+ Kg5 76. Kg2 Rd1 77. Rg7+ Kh5 78. Kg3 Rf1 79. Rh7+ Kg5
80. Rg7+ Kh5 81. Rg8 Bf3 82. Rg7 Rh1 83. Rh7+ 1/2-1/2

[Event "Lichtenberger Sommer 2024"]
[Site "Berlin"]
[Date "2024.08.13"]
[Round "4.5"]
[White "Ross, Chris N"]
[Black "Hauer, Andreas"]
[Result "1-0"]
[WhiteElo "2171"]
[BlackElo "1911"]
[PlyCount "93"]
[EventDate "2024.08.10"]

{[WhiteFideId "410411"] [BlackFideId "24634840"] [WhiteNatFedId ""]  
[BlackNatFedId "10075934"] [WhiteAttr "M"] [BlackAttr "M"] [WhiteTeam
"Hillsborough Chess Club"] [BlackTeam "SC Turm Illingen"] [PlyCount "0"]} 1. d4 d5 2. Nf3 Nf6 3. c4 e6 4. g3 dxc4 5. Bg2 Bb4+ 6. Bd2 a5
7. O-O O-O 8. Qc2 b5 9. a4 Bb7 10. axb5 Be4 11. Qxc4 Nbd7 12. Bxb4 Nb6 13. Qc1
axb4 14. Nbd2 Rxa1 15. Qxa1 Bd5 16. Qc1 Qd6 17. Qc2 Bb7 18. Rc1 Rc8 19. Qc5
Nfd7 20. Qxd6 cxd6 21. Rxc8+ Bxc8 22. Ne1 d5 23. Nd3 Na4 24. Nxb4 Nxb2 25. e4
dxe4 26. Bxe4 Nb6 27. Kf1 Kf8 28. Ke2 Ke7 29. Nb1 Kd6 30. Bc6 f6 31. Nc3 f5 32.
Kd2 e5 33. dxe5+ Kxe5 34. Nd3+ Nxd3 35. Kxd3 g5 36. Ne2 f4 37. gxf4+ gxf4 38.
Kc3 Nd5+ 39. Kc4 Be6 40. Kc5 h5 41. Bxd5 Bxd5 42. Nxf4 Bg2 43. Nd3+ Kf5 44. b6
Be4 45. Kd4 Bc6 46. Ke3 h4 47. f4 1-0

[Event "Lichtenberger Sommer 2024"]
[Site "Berlin"]
[Date "2024.08.13"]
[Round "4.6"]
[White "Jahn, Thomas"]
[Black "Herms Agullo, Jordi"]
[Result "0-1"]
[WhiteElo "2165"]
[BlackElo "2043"]
[PlyCount "98"]
[EventDate "2024.08.10"]
[WhiteTeam "SV Empor Berlin e.V."]
[BlackTeam "Granollers Chess Club"]

1. e4 e6 2. d4 d5 3. Nc3 dxe4 4. Nxe4 Bd7 5. Nf3 Bc6 6. Bd3 Nd7 7. O-O Ngf6 8.
Re1 Nxe4 9. Bxe4 Bxe4 10. Rxe4 Nf6 11. Rh4 Be7 12. Qd3 c6 13. Ne5 Nd7 14. Re4
Nxe5 15. Rxe5 Bf6 16. Re4 O-O 17. Bd2 Qb6 18. c4 Rfd8 19. Bc3 Rd7 20. a4 Rad8
21. a5 Qc7 22. Qe3 g6 23. h4 c5 24. d5 Bxc3 25. Qxc3 exd5 26. cxd5 Rxd5 27.
Rae1 Qc6 28. Kh2 Rd4 29. f3 Rxe4 30. Rxe4 h5 31. Rc4 b6 32. axb6 axb6 33. b4
Rd5 34. Re4 Qd6+ 35. Kh3 Qd7+ 36. Kh2 Rd4 37. bxc5 Rxe4 38. fxe4 Qc7+ 39. e5
Qxc5 40. Qg3 Qc4 41. Qg5 Qd5 42. g4 hxg4 43. h5 Qf3 44. Qd8+ Kg7 45. h6+ Kxh6
46. Qh8+ Kg5 47. Qd8+ Kf4 48. Qf6+ Ke4 49. Qxb6 Qh3+ 0-1

[Event "Lichtenberger Sommer 2024"]
[Site "Berlin"]
[Date "2024.08.13"]
[Round "4.7"]
[White "Torosyan, Bagrat"]
[Black "Geldner, Gerrit"]
[Result "1-0"]
[WhiteElo "2126"]
[BlackElo "2009"]
[PlyCount "73"]
[EventDate "2024.08.10"]
[WhiteTeam "TSG Oberschöneweide e.V."]
[BlackTeam "SC Kreuzberg e.V."]

1. Nf3 c5 2. g3 Nc6 3. c4 g6 4. Bg2 Bg7 5. Nc3 d6 6. O-O e5 7. Ne1 Be6 8. d3
Nge7 9. a3 a5 10. Nc2 d5 11. cxd5 Nxd5 12. Ne3 Nde7 13. Ne4 b6 14. Ng5 Bd7 15.
Nd5 O-O 16. Nxe7+ Qxe7 17. Ne4 h6 18. Nc3 Rab8 19. Rb1 Rfc8 20. Kh1 b5 21. f4
Be6 22. fxe5 Nxe5 23. Nd5 Qd8 24. Nf4 Bd7 25. h3 Bc6 26. e4 Qd4 27. Qe2 Re8 28.
Be3 Qd6 29. Qc2 Nd7 30. Rfc1 Bd4 31. Bxd4 Qxd4 32. b4 axb4 33. axb4 c4 34. dxc4
Bxe4 35. Bxe4 Rxe4 36. Rd1 Qe3 37. Rd3 1-0

[Event "Lichtenberger Sommer 2024"]
[Site "Berlin"]
[Date "2024.08.13"]
[Round "4.8"]
[White "Donath, Johann"]
[Black "Das, Soham"]
[Result "0-1"]
[WhiteElo "2069"]
[BlackElo "2334"]
[PlyCount "62"]
[EventDate "2024.08.10"]
[WhiteTeam "BSV 63 Chemie Weißensee"]
[BlackTeam "SK Tarrasch 1945 München"]

1. e4 c6 2. Nc3 d5 3. Nf3 Nf6 4. e5 Ne4 5. Ne2 Qb6 6. d4 e6 7. Ng3 c5 8. Bd3
Nxg3 9. fxg3 cxd4 10. O-O Nc6 11. Qe2 h6 12. Kh1 Bd7 13. a3 Be7 14. g4 O-O-O
15. b4 g5 16. Bb2 Rdf8 17. Bb5 h5 18. Bxc6 Bxc6 19. Nxd4 hxg4 20. g3 Bd7 21. c4
dxc4 22. Rac1 Kb8 23. Rxc4 Ka8 24. Rfc1 f5 25. exf6 Bxf6 26. Qe4 e5 27. Nf5 Qf2
28. Nh4 gxh4 29. Rc7 Bc6 30. R7xc6 hxg3 31. Qh7 bxc6 0-1

[Event "Lichtenberger Sommer 2024"]
[Site "Berlin"]
[Date "2024.08.13"]
[Round "4.9"]
[White "Federau, Jürgen"]
[Black "Tschernatsch, Johannes"]
[Result "0-1"]
[WhiteElo "2064"]
[BlackElo "2264"]
[PlyCount "96"]
[EventDate "2024.08.10"]
[WhiteTeam "SC Kreuzberg e.V."]
[BlackTeam "SV Babelsberg 03 e.V."]

1. d4 Nf6 2. c4 g6 3. g3 c6 4. Bg2 d5 5. Nf3 Bg7 6. O-O O-O 7. cxd5 cxd5 8. Ne5
Bf5 9. Nc3 Ne4 10. Nxe4 dxe4 11. Bf4 Qd5 12. f3 Rd8 13. g4 exf3 14. Bxf3 Be4
15. e3 Nc6 16. Nxc6 Qxc6 17. Rc1 Bxf3 18. Qxf3 Qxf3 19. Rxf3 Rac8 20. Rff1 h6
21. b3 e6 22. Kg2 f5 23. gxf5 exf5 24. Kf3 Kf7 25. Rfd1 g5 26. Bc7 Rd7 27. Bg3
Rcd8 28. Rc5 Kg6 29. d5 Bf8 30. Rc7 Kf6 31. Rxd7 Rxd7 32. Bb8 g4+ 33. Kf4 h5
34. e4 Bh6+ 35. Kg3 fxe4 36. Bxa7 e3 37. Bd4+ Kf5 38. Bc5 e2 39. Rc1 Rxd5 40.
Bb4 Bf4+ 41. Kg2 Rd4 42. Ba5 Re4 43. h3 gxh3+ 44. Kxh3 Re3+ 45. Kg2 Bg3 46. Rh1
h4 47. Be1 Ke4 48. b4 h3+ 0-1

[Event "Lichtenberger Sommer 2024"]
[Site "Berlin"]
[Date "2024.08.13"]
[Round "4.10"]
[White "Verbitsky, Jaroslaw"]
[Black "Nötzel, Felix"]
[Result "0-1"]
[WhiteElo "2049"]
[BlackElo "2168"]
[PlyCount "96"]
[EventDate "2024.08.10"]
[WhiteTeam "SV Mattnetz Berlin e.V."]
[BlackTeam "SF Berlin 1903 e.V."]

1. e4 c5 2. Nf3 Nc6 3. Bb5 g6 4. O-O Bg7 5. c3 e5 6. d4 cxd4 7. cxd4 exd4 8.
Bf4 a6 9. Bc4 d6 10. Nbd2 Nge7 11. Bd5 O-O 12. Nb3 Bg4 13. h3 Bxf3 14. Qxf3 Ne5
15. Qd1 Nxd5 16. exd5 Qb6 17. Qb1 Rfe8 18. Re1 Nc4 19. Rxe8+ Rxe8 20. Qc2 Qb5
21. Rc1 Nb6 22. Bxd6 Nxd5 23. Qc4 h5 24. Qxb5 axb5 25. Kf1 Rd8 26. Bc5 Nf4 27.
Rd1 Ne6 28. Bb4 Rc8 29. Rc1 Rc4 30. Bd2 d3 31. Na5 Ra4 32. Nxb7 Bxb2 33. Rc8+
Kg7 34. Bc3+ Bxc3 35. Rxc3 d2 36. Rd3 Rxa2 37. g3 Ng5 38. Nc5 Rc2 39. h4 Nf3
40. Ke2 Ne5 41. Rd5 Nc4 42. Ne4 Rc1 43. Nxd2 Rc2 44. Kd1 Rxd2+ 45. Rxd2 Nxd2
46. Kxd2 Kf6 47. Kc3 Ke5 48. f3 f5 0-1

[Event "Lichtenberger Sommer 2024"]
[Site "Berlin"]
[Date "2024.08.13"]
[Round "4.11"]
[White "Groot, Patrick"]
[Black "Niehaus, Frank"]
[Result "1/2-1/2"]
[WhiteElo "2008"]
[BlackElo "2120"]
[PlyCount "94"]
[EventDate "2024.08.10"]
[WhiteTeam "SF Berlin 1903 e.V."]
[BlackTeam "SK König Tegel 1949 e.V."]

1. e4 d6 2. d4 Nf6 3. Bd3 e5 4. Nf3 exd4 5. Nxd4 Be7 6. O-O O-O 7. Nc3 a6 8. h3
c5 9. Nf3 b5 10. Re1 Bb7 11. Nd5 Bxd5 12. exd5 Nbd7 13. b3 Re8 14. c4 b4 15.
Qc2 g6 16. Bb2 Bf8 17. Rxe8 Nxe8 18. Re1 Bg7 19. Bxg7 Nxg7 20. Qe2 Qf6 21. Qe7
Rd8 22. Qxf6 Nxf6 23. Kf1 Re8 24. Nd2 Rxe1+ 25. Kxe1 Nge8 26. Ne4 Nxe4 27. Bxe4
f5 28. Bc2 Kf7 29. Ke2 Kf6 30. f4 a5 31. Kf3 Nc7 32. Bd3 Na8 33. h4 Nb6 34. Ke3
a4 35. Bc2 a3 36. Bd1 h6 37. Kf3 g5 38. hxg5+ hxg5 39. g3 Nd7 40. Bc2 Nf8 41.
Bd3 Ng6 42. Be2 gxf4 43. gxf4 Nf8 44. Kg3 Kg6 45. Bd3 Nd7 46. Kf3 Nf6 47. Bc2
Nh5 1/2-1/2

[Event "Lichtenberger Sommer 2024"]
[Site "Berlin"]
[Date "2024.08.13"]
[Round "4.12"]
[White "Hoffmann, Kay"]
[Black "Sieglen, Joachim"]
[Result "0-1"]
[WhiteElo "2001"]
[BlackElo "2113"]
[PlyCount "110"]
[EventDate "2024.08.10"]
[WhiteTeam "Barnimer SF im SV Sta"]
[BlackTeam "SC Untergrombach 46"]

1. d4 d5 2. c4 c6 3. Nf3 Nf6 4. e3 Bg4 5. h3 Bxf3 6. Qxf3 Nbd7 7. Nc3 e6 8. Bd3
Bd6 9. O-O O-O 10. Rd1 Qe7 11. e4 dxc4 12. Bxc4 e5 13. d5 cxd5 14. Bxd5 Rab8
15. Bg5 Bc5 16. Bb3 Bd4 17. Nd5 Qd6 18. Ne3 Qc6 19. Bd5 Nxd5 20. Nxd5 Qe6 21.
Be7 Rfc8 22. Rac1 Nb6 23. Ba3 Kh8 24. b3 f6 25. Ne7 Rd8 26. Nf5 Rd7 27. Rd3
Rbd8 28. Rcd1 Nc8 29. Nxd4 exd4 30. Qf5 Qxf5 31. exf5 Kg8 32. g4 Ne7 33. Bxe7
Rxe7 34. Rxd4 Rxd4 35. Rxd4 Rc7 36. Kf1 Kf7 37. Ke2 Ke7 38. Rc4 Rxc4 39. bxc4
Kd6 40. Kd3 Kc5 41. Kc3 a6 42. a3 b6 43. Kb3 a5 44. a4 Kd4 45. f3 Kd3 46. f4 h6
47. h4 Kd4 48. c5 bxc5 49. Kc2 Kc4 50. g5 Kb4 51. h5 Kxa4 52. Kc3 Kb5 53. Kb3
c4+ 54. Kc3 Kc5 55. g6 Kd5 0-1

[Event "Lichtenberger Sommer 2024"]
[Site "Berlin"]
[Date "2024.08.13"]
[Round "4.13"]
[White "Sabrowski, Uwe"]
[Black "Schulz, Michael"]
[Result "0-1"]
[WhiteElo "1992"]
[BlackElo "2109"]
[PlyCount "84"]
[EventDate "2024.08.10"]
[WhiteTeam "SC Friesen Lichtenberg e.V."]
[BlackTeam "SC Zitadelle Spandau 1977 e.V."]

1. d4 Nf6 2. c4 c5 3. d5 e6 4. Nc3 exd5 5. cxd5 d6 6. Nf3 a6 7. a4 g6 8. e4 Bg7
9. Bd3 Bg4 10. h3 Bxf3 11. Qxf3 Nbd7 12. Bf4 Qe7 13. O-O Ne5 14. Qe3 Nh5 15.
Bh2 Qh4 16. Be2 g5 17. Bxh5 Qxh5 18. Ne2 g4 19. Ng3 Qg6 20. Nf5 h5 21. h4 Rd8
22. Bf4 Rd7 23. Rab1 O-O 24. Rfc1 b5 25. axb5 axb5 26. b3 Ra8 27. Qe2 b4 28.
Rc2 Nf3+ 29. Kh1 Nd4 30. Qd3 Nxf5 31. exf5 Qf6 32. Re2 Qxh4+ 33. Kg1 Qf6 34.
Rbe1 Rda7 35. Qg3 Qxf5 36. Bxd6 Qxd5 37. Be5 Re7 38. Bxg7 Rxe2 39. Rxe2 Qd1+
40. Kh2 Qxe2 41. Bh6 Re8 42. Be3 Qb2 0-1

[Event "Lichtenberger Sommer 2024"]
[Site "Berlin"]
[Date "2024.08.13"]
[Round "4.14"]
[White "Moser, Axel"]
[Black "Krefenstein, Sergej"]
[Result "1-0"]
[WhiteElo "2097"]
[BlackElo "2004"]
[PlyCount "131"]
[EventDate "2024.08.10"]
[WhiteTeam "SC Freibauer Hofstetten"]
[BlackTeam "TuS Makkabi Berlin e.V."]

1. d4 Nf6 2. Nf3 g6 3. c4 Bg7 4. g3 O-O 5. Bg2 d6 6. O-O Nc6 7. Nc3 e5 8. dxe5
dxe5 9. Bg5 Be6 10. Qa4 Qe7 11. Nd5 Bxd5 12. cxd5 Nb4 13. e4 h6 14. Bd2 a5 15.
Rfe1 Nd3 16. Re2 Nc5 17. Qc2 b6 18. Bc3 Nfd7 19. Rae1 Rae8 20. h4 Qf6 21. h5
Qe7 22. Nh4 Bf6 23. Nf3 Bg7 24. Bh3 Kh7 25. Bd2 Nf6 26. hxg6+ fxg6 27. Nh4 Nh5
28. Ng2 Rf7 29. b4 axb4 30. Bxb4 Bf8 31. Be6 Rf6 32. Bg4 Ng7 33. Bc3 Qf7 34.
Rf1 Bd6 35. f4 Qe7 36. f5 g5 37. Ne3 Rh8 38. Rh2 Kg8 39. Bf3 h5 40. Kg2 g4 41.
Be2 Rfh6 42. Rfh1 R8h7 43. Bd2 Ne8 44. Nd1 Qg7 45. Nf2 Nf6 46. Bc3 h4 47. Rxh4
Rxh4 48. Rxh4 Rxh4 49. gxh4 Qh6 50. Nxg4 Nxg4 51. Bxg4 Qxh4 52. Bf3 Qg5+ 53.
Kf1 Qe3 54. Qg2+ Kf8 55. Bd2 Qd3+ 56. Kg1 Qb1+ 57. Kh2 Ke7 58. Qg7+ Kd8 59.
Qg8+ Kd7 60. Bh5 c6 61. Qe8+ Kc7 62. Qxc6+ Kb8 63. Qxd6+ Ka7 64. Qc7+ Ka8 65.
Be8 Nb7 66. Bc6 1-0

[Event "Lichtenberger Sommer 2024"]
[Site "Berlin"]
[Date "2024.08.13"]
[Round "4.15"]
[White "Beran, Rolf-Dietrich"]
[Black "Fartmann, Oliver"]
[Result "0-1"]
[WhiteElo "1957"]
[BlackElo "2093"]
[PlyCount "42"]
[EventDate "2024.08.10"]
[WhiteTeam "SG Rot-Weiß Neuenhagen"]
[BlackTeam "SV Mattnetz Berlin e.V."]

1. c4 Nf6 2. Nc3 g6 3. g3 Bg7 4. Bg2 O-O 5. d3 c5 6. e4 d6 7. Nge2 Nc6 8. O-O
Rb8 9. h3 Ne8 10. Kh2 Nc7 11. f4 b5 12. cxb5 Nxb5 13. Nxb5 Rxb5 14. Rb1 Qb6 15.
b3 Ra5 16. Bb2 Rxa2 17. Bxg7 Kxg7 18. f5 Qb4 19. Nf4 Qd2 20. Qg4 Ne5 21. Qh4 f6
0-1

[Event "Lichtenberger Sommer 2024"]
[Site "Berlin"]
[Date "2024.08.13"]
[Round "4.16"]
[White "Escher, Clemens"]
[Black "Lorenz, Veronika"]
[Result "1-0"]
[WhiteElo "2198"]
[BlackElo "1884"]
[PlyCount "69"]
[EventDate "2024.08.10"]
[WhiteTeam "SK König Tegel 1949 e.V."]
[BlackTeam "TSG Oberschöneweide e.V."]

1. d4 Nf6 2. Nf3 g6 3. Nc3 d5 4. Bf4 Bg7 5. Nb5 Na6 6. e3 O-O 7. h3 Bf5 8. Be2
Be4 9. O-O Bxf3 10. Bxf3 c6 11. Na3 Nd7 12. Bh2 e5 13. c3 Nc7 14. Qb3 Rb8 15.
Rfd1 Re8 16. c4 Nb6 17. cxd5 Ncxd5 18. dxe5 Qe7 19. e6 Rbd8 20. exf7+ Qxf7 21.
Rac1 Rd7 22. Rd2 Nf6 23. Rcd1 Qxb3 24. axb3 Rxd2 25. Rxd2 Ne4 26. Rc2 Nd5 27.
Nc4 Nb4 28. Re2 Nd3 29. Bxe4 Rxe4 30. Rd2 Nc1 31. Rd8+ Bf8 32. Bd6 Nxb3 33.
Rxf8+ Kg7 34. Na3 Re6 35. Rd8 1-0

[Event "Lichtenberger Sommer 2024"]
[Site "Berlin"]
[Date "2024.08.13"]
[Round "4.17"]
[White "Kapp, Frank"]
[Black "Petersen, Soren Boeck"]
[Result "0-1"]
[WhiteElo "1905"]
[BlackElo "2156"]
[PlyCount "106"]
[EventDate "2024.08.10"]
[WhiteTeam "TSV IFA Chemnitz"]
[BlackTeam "vereinslos"]

1. d4 d5 2. Bf4 Nf6 3. Nf3 g6 4. e3 Bg7 5. h3 O-O 6. Bd3 c5 7. c3 b6 8. O-O
Nbd7 9. Nbd2 Bb7 10. Rc1 Re8 11. Re1 Qc8 12. Bb5 Bc6 13. Bxc6 Qxc6 14. Ne5 Nxe5
15. Bxe5 Rad8 16. Bxf6 Bxf6 17. Nf3 Bg7 18. Rc2 e6 19. Rce2 Bf6 20. Qc2 Re7 21.
e4 dxe4 22. Qxe4 Qxe4 23. Rxe4 cxd4 24. Nxd4 Bxd4 25. Rxd4 Rxd4 26. cxd4 Rc7
27. Rd1 Rc2 28. Rb1 Rd2 29. Kf1 Kg7 30. Ke1 Rxd4 31. Ke2 Kf6 32. b3 e5 33. Rc1
Ke6 34. Rc7 Rd7 35. Rc1 Kd6 36. Ke3 Rc7 37. Rd1+ Ke6 38. Rd2 f5 39. f3 Rc3+ 40.
Ke2 e4 41. fxe4 fxe4 42. Rb2 Ke5 43. b4 b5 44. a4 bxa4 45. b5 a3 46. Rd2 Rc4
47. Ra2 Ra4 48. Ke3 Kd5 49. g4 Kc4 50. Kf4 Kb3 51. Re2 a2 52. Re3+ Kb4 53.
Rxe4+ Kxb5 0-1

[Event "Lichtenberger Sommer 2024"]
[Site "Berlin"]
[Date "2024.08.13"]
[Round "4.18"]
[White "Sakalli, Selcuk Orkun"]
[Black "Matviienko, Mykhailo"]
[Result "0-1"]
[WhiteElo "1897"]
[BlackElo "2102"]
[PlyCount "230"]
[EventDate "2024.08.10"]
[WhiteTeam "SC Zugzwang 95 e.V."]
[BlackTeam "SK Zehlendorf e.V."]

1. d4 Nf6 2. c4 g6 3. Nc3 Bg7 4. e4 d6 5. Be3 O-O 6. h3 c5 7. d5 e6 8. Nf3 exd5
9. exd5 Re8 10. Be2 Ne4 11. Nxe4 Rxe4 12. Qc2 Re8 13. O-O Na6 14. Rfe1 Bf5 15.
Qd2 Qb6 16. Nh4 Qxb2 17. Qxb2 Bxb2 18. Nxf5 Bxa1 19. Nxd6 Red8 20. Nxb7 Rd7 21.
Nxc5 Nxc5 22. Bxc5 Re8 23. Be3 Be5 24. Kf1 Rc8 25. Rb1 Bd6 26. Rb5 Rdc7 27. g4
f6 28. Ra5 Kf7 29. Bxa7 Ra8 30. Bb6 Rxa5 31. Bxa5 Rb7 32. Bd1 Rb2 33. Bb3 Bc5
34. Be1 Ke7 35. Kg2 Re2 36. Kf1 Rb2 37. h4 Kd6 38. f3 Ke7 39. Bg3 Rd2 40. Be1
Rb2 41. Bg3 Rd2 42. Ke1 Rd3 43. Bf2 Bb4+ 44. Ke2 Rd2+ 45. Kf1 Rd3 46. Kg2 Rd2
47. Kg1 Kd6 48. Bg3+ Kd7 49. Kf1 Bc5 50. Ba4+ Ke7 51. Bb3 Rb2 52. Be1 Rh2 53.
Bg3 Rd2 54. Be1 Rd3 55. Kg2 Re3 56. Bg3 h6 57. Bd1 Rd3 58. Bb3 g5 59. h5 Re3
60. Bd1 Rc3 61. Bb3 Rd3 62. Be1 Re3 63. Bg3 Kd8 64. Bd1 Rd3 65. Bb3 Kc8 66. Be1
Kb7 67. Ba4 Re3 68. Bg3 Re2+ 69. Kf1 Rxa2 70. Bc6+ Kb6 71. Bb5 Ra3 72. Kg2 Rd3
73. Be1 Rd1 74. Bc3 Rg1+ 75. Kh2 Rf1 76. Kg2 Rf2+ 77. Kg3 Re2 78. Kh3 Re3 79.
Ba1 Rxf3+ 80. Kg2 Rf4 81. Kh3 Bd4 82. Bxd4+ Rxd4 83. Kg3 Kc5 84. Kf3 Kd6 85.
Ba6 Ke5 86. Bb5 Rd3+ 87. Ke2 Rg3 88. Bd7 Kd6 89. Kf2 Rc3 90. Bb5 Kc5 91. Kg2
Rd3 92. Ba6 Rd4 93. Kf3 Rf4+ 94. Kg3 f5 95. gxf5 Rxf5 96. Kh3 Rf4 97. Kg3 Rh4
98. Bb5 Rxh5 99. Be8 Rh4 100. Bb5 Rd4 101. Kh3 h5 102. Be8 Rd3+ 103. Kg2 h4
104. Bb5 g4 105. Bd7 Kxc4 106. d6 Rg3+ 107. Kh2 Kc5 108. Bc8 Kxd6 109. Bb7 Ke5
110. Bh1 Rb3 111. Bc6 Rb2+ 112. Kh1 Kf4 113. Bg2 Kg3 114. Bf1 Rb1 115. Kg1 Ra1
0-1

[Event "Lichtenberger Sommer 2024"]
[Site "Berlin"]
[Date "2024.08.13"]
[Round "4.19"]
[White "Vogel, Robert"]
[Black "Pimenov, Danil"]
[Result "1-0"]
[WhiteElo "2079"]
[BlackElo "1891"]
[PlyCount "67"]
[EventDate "2024.08.10"]
[WhiteTeam "SK München Südost e.V."]
[BlackTeam "SC Borussia Lichtenberg"]

1. d4 Nf6 2. c4 e6 3. g3 Bb4+ 4. Nd2 O-O 5. Bg2 d6 6. Ngf3 Re8 7. O-O Bxd2 8.
Bxd2 e5 9. dxe5 dxe5 10. Bc3 Nbd7 11. Nxe5 Qe7 12. Nxd7 Nxd7 13. Qd4 f6 14. e4
Ne5 15. f4 Nc6 16. Qf2 Be6 17. b3 a5 18. Rae1 a4 19. e5 f5 20. Bd5 axb3 21.
axb3 Ra3 22. Rb1 Rea8 23. Rfd1 Ra2 24. Rd2 Rxd2 25. Qxd2 Rd8 26. b4 Qf7 27. b5
Bxd5 28. bxc6 bxc6 29. cxd5 cxd5 30. Qd4 Qe6 31. Qc5 c6 32. Bd4 g5 33. Rb7 Qg6
34. Qe7 1-0

[Event "Lichtenberger Sommer 2024"]
[Site "Berlin"]
[Date "2024.08.13"]
[Round "4.20"]
[White "Krüger, Ekkehard"]
[Black "Tomin, Bogdan"]
[Result "0-1"]
[WhiteElo "1894"]
[BlackElo "2072"]
[PlyCount "160"]
[EventDate "2024.08.10"]
[WhiteTeam "SG NARVA Berlin e.V."]
[BlackTeam "SF Berlin 1903 e.V."]

1. c4 f5 2. Nf3 Nf6 3. Nc3 g6 4. g3 Bg7 5. Bg2 O-O 6. d4 d6 7. O-O Qe8 8. d5
Na6 9. Nd4 Nc5 10. f3 e5 11. dxe6 Nxe6 12. e3 Qf7 13. Nde2 Bd7 14. b4 a5 15. b5
Nc5 16. a4 Qxc4 17. Rb1 b6 18. Bd2 Rae8 19. Nd4 Kh8 20. Re1 Qf7 21. Qc2 Be6 22.
Nxe6 Qxe6 23. Kh1 Nd5 24. Nxd5 Qxd5 25. Bc3 Bxc3 26. Qxc3+ Qe5 27. Qc2 Qg7 28.
Re2 h6 29. Kg1 Re7 30. Rbe1 Qf7 31. Rc1 Qb3 32. Qxb3 Nxb3 33. Rc4 Rfe8 34. Kf2
Nc5 35. Rd4 g5 36. h3 f4 37. gxf4 gxf4 38. e4 Rg8 39. Rc2 Rg5 40. Bf1 Kg7 41.
Ke1 d5 42. Re2 dxe4 43. fxe4 Rge5 44. Bg2 Ne6 45. Rc4 Ng5 46. Kf2 f3 47. Bxf3
Nxh3+ 48. Ke3 Ng5 49. Rg2 Kf6 50. Kf4 Ne6+ 51. Ke3 Nc5 52. Rh2 Kg6 53. Rh4 Rd5
54. Rg4+ Rg5 55. Rf4 Rg1 56. Rg4+ Rxg4 57. Bxg4 Kg5 58. Bd1 Kf6 59. Rd4 Rd7 60.
Rxd7 Nxd7 61. Kf4 Ne5 62. Bc2 c5 63. bxc6 Nxc6 64. Bd1 Ne5 65. Bc2 Ng6+ 66. Kg4
Ke5 67. Kh5 Nf4+ 68. Kxh6 Ne6 69. Kh5 Nc5 70. Kg4 Nxe4 71. Kf3 Nf6 72. Ke3 Nd5+
73. Kd2 Kd4 74. Bb3 Nb4 75. Bf7 Na6 76. Kc2 Nc5 77. Bb3 Nxb3 78. Kxb3 Kd3 79.
Kb2 Kc4 80. Ka3 Kc3 0-1

[Event "Lichtenberger Sommer 2024"]
[Site "Berlin"]
[Date "2024.08.13"]
[Round "4.21"]
[White "Asatryan, Tigran"]
[Black "Besbudak, Özgür"]
[Result "1-0"]
[WhiteElo "2036"]
[BlackElo "1889"]
[PlyCount "63"]
[EventDate "2024.08.10"]
[BlackTeam "SF Berlin 1903 e.V."]

1. e4 c5 2. Nf3 Nc6 3. Bb5 g6 4. c3 Bg7 5. O-O e5 6. d3 Qe7 7. Re1 a6 8. Ba4 b5
9. Bb3 Na5 10. Bd5 Bb7 11. b4 Bxd5 12. exd5 cxb4 13. cxb4 Nb7 14. Nxe5 Bxe5 15.
d4 f6 16. Bb2 O-O-O 17. dxe5 Qxb4 18. Bc3 Qf4 19. Nd2 Nc5 20. Ba5 fxe5 21. Ne4
d6 22. Qc2 Qf8 23. Bxd8 Kxd8 24. Nxc5 dxc5 25. Rxe5 Nf6 26. d6 Nd7 27. Rxc5
Nxc5 28. Qxc5 Qf7 29. Qb6+ Kd7 30. Qc7+ Ke6 31. Re1+ Kf6 32. Qc3+ 1-0